América Latina (Registro nro. 31220)

Detalles MARC
000 -LEADER
fixed length control field 00322 a2200121 4500
001 - CONTROL NUMBER
control field ART_39600
005 - DATE AND TIME OF LATEST TRANSACTION
control field 20260410162000.0
008 - FIXED-LENGTH DATA ELEMENTS--GENERAL INFORMATION
fixed length control field 260409a
100 1# - MAIN ENTRY--PERSONAL NAME
Personal name Garcia, Domingo
245 10 - TITLE STATEMENT
Title América Latina
700 1# - ADDED ENTRY--PERSONAL NAME
Personal name Scotti, Sonia L.
773 0# - HOST ITEM ENTRY
Title Propuestas
Related parts - Año 3, Nº 6 (dic. 1997)
Record control number REV28258

No hay ítems disponibles.